Statistics for Top 10 Spain National Team Goalscorers

Click here to take the quiz!

General Stats

  • This quiz has been taken 54 times
  • The average score is 6 of 10

Answer Stats

HintPlayerGoalsCapsAvarageCareer% Correct
1David Villa59980.612005–2017
94%
3Fernando Torres381100.352003–2014
92%
2Raúl441020.431996–2006
85%
5Álvaro Morata30610.492014–
75%
10Sergio Ramos231800.132005–
73%
8Emilio Butragueño26690.381984–1992
56%
7Fernando Morientes27470.571998–2007
52%
4David Silva351250.282006–2018
50%
9Alfredo Di Stéfano23310.741957–1961
38%
6Fernando Hierro29890.331989–2002
31%

Score Distribution

Percentile by Number Answered

Percent of People with Each Score

Your Score History

You have not taken this quiz